Tobey Maguire Movies - Statistics

General Stats
  • This quiz has been taken 53 times
  • The average score is 7 of 47
Answer Stats
Hint Answer % Correct
2002 Spider-Man
100%
2004 Spider-Man 2
100%
2007 Spider-Man 3
95%
2021 Spider-Man: No Way Home
68%
2009 Brothers
24%
2003 Seabiscuit
24%
2014 Pawn Sacrifice
22%
2017 The Boss Baby
22%
2022 Babylon
19%
1998 Pleasantville
19%
1999 The Cider House Rules
19%
2001 Cats and Dogs
14%
2008 Tropic Thunder
14%
1998 Fear and Loathing in Las Vegas
11%
2013 Labor Day
11%
1999 Ride with the Devil
11%
2011 The Details
11%
1997 The Ice Storm
11%
2000 Wonder Boys
11%
2010 Country Strong
8%
1997 Joyride
8%
1994 Revenge of the Red Baron
8%
2006 The Good German
8%
1989 The Wizard
8%
2019 Brittany Runs a Marathon
5%
1997 Deconstructing Harry
5%
2001 Don's Plum
5%
1995 Empire Records
5%
2019 Get Duked!
5%
2014 Good People
5%
1994 Healer
5%
1994 In Spite of Love
5%
TBD McClane
5%
2021 Nobody
5%
2012 Rock of Ages
5%
2011 Seeking Justice
5%
1994 S.F.W.
5%
2019 The Best of Enemies
5%
1993 This Boy's Life
5%
2015 Z for Zachariah
5%
1994 A Child's Cry for Help
3%
1995 Duke of Groove
3%
1996 Four Tales of Two Cities
3%
2002 The 25th Hour
3%
2016 The 5th Wave
3%
2013 The Great Gatspy
3%
2020 The Violent Heart
3%
No matching quizzes found
Score Distribution
Percent of People with Each Score
Percentile by Number Answered
Your Score History
You have not taken this quiz